[Event "PRO League Stage"]
[Site "Chess.com INT"]
[Date "2018.02.03"]
[Round "4"]
[White "Ravuri, Vinesh"]
[Black "Grabinsky, Aaron"]
[Result "0-1"]
[WhiteElo "1990"]
[BlackElo "2359"]
[PlyCount "78"]
[EventDate "2018.01.18"]
[EventType "team-swiss (rapid)"]
[EventRounds "9"]
[EventCountry "USA"]
[SourceTitle "CBM 182 Extra"]
[Source "ChessBase"]
[SourceDate "2018.02.23"]
[SourceVersion "1"]
[SourceVersionDate "2018.02.23"]
[SourceQuality "1"]
[WhiteTeam "San Jose Hackers"]
[BlackTeam "Webster Windmills"]
[WhiteTeamCountry "USA"]
[BlackTeamCountry "USA"]

1. d4 e6 2. c4 Bb4+ 3. Bd2 Bxd2+ 4. Qxd2 Nf6 5. Nc3 d5 6. e3 0-0 7. cxd5 exd5 8. Bd3 Qe7 9. Nge2 b6 10. 0-0 Bb7 11. Rac1 Nbd7 12. Rfd1 a6 13. Nf4 Rac8 14. Bb1 Rfe8 15. h3 g6 16. a3 a5 17. Ba2 c6 18. Nd3 Ba6 19. Bb1 Qd6 20. Nf4 Red8 21. Bd3 Bb7 22. Qe2 c5 23. dxc5 bxc5 24. Bb1 d4 25. Ba2 Ne5 26. Nb5 Qb8 27. exd4 Nf3+ 28. gxf3 Qxf4 29. Qe3 Qxf3 30. Qxf3 Bxf3 31. Rd3 Be2 32. Rb3 a4 33. Re3 Bxb5 34. dxc5 Bc6 35. Re7 Nd5 36. Re4 Kg7 37. Rd1 Nc3 38. Rxd8 Rxd8 39. bxc3 Bxe4 0-1

[Event "PRO League Stage"]
[Site "Chess.com INT"]
[Date "2018.02.03"]
[Round "4"]
[White "Wang, Annie"]
[Black "Ravuri, Vinesh"]
[Result "1/2-1/2"]
[WhiteElo "2330"]
[BlackElo "1990"]
[PlyCount "113"]
[EventDate "2018.01.18"]
[EventType "team-swiss (rapid)"]
[EventRounds "9"]
[EventCountry "USA"]
[SourceTitle "CBM 182 Extra"]
[Source "ChessBase"]
[SourceDate "2018.02.23"]
[SourceVersion "1"]
[SourceVersionDate "2018.02.23"]
[SourceQuality "1"]
[WhiteTeam "Saint Louis Arch Bishops"]
[BlackTeam "San Jose Hackers"]
[WhiteTeamCountry "USA"]
[BlackTeamCountry "USA"]

1. d4 Nf6 2. c4 g6 3. Nc3 Bg7 4. e4 d6 5. Nf3 0-0 6. Be2 e5 7. Be3 Ng4 8. Bg5 f6 9. Bh4 g5 10. Bg3 Nh6 11. d5 f5 12. exf5 Bxf5 13. Nd2 Bg6 14. 0-0 Nd7 15. Nde4 Nf5 16. Rc1 Nd4 17. Bd3 h5 18. h3 Bh6 19. Rb1 Qe7 20. f3 Qh7 21. Bf2 Rae8 22. b4 b6 23. Rb2 Kh8 24. Bb1 Rg8 25. Ne2 Nxe2+ 26. Qxe2 Ref8 27. c5 g4 28. fxg4 hxg4 29. hxg4 Nf6 30. Nxf6 Rxf6 31. cxd6 cxd6 32. Bh4 Rxf1+ 33. Qxf1 Be3+ 34. Bf2 Rf8 35. Bxg6 Qxg6 36. Qe1 Bf4 37. Rb3 Qxg4 38. Rh3+ Kg8 39. Bg3 Bg5 40. Bf2 Kf7 41. Rg3 Qf5 42. Rf3 Bf4 43. Bg3 Rg8 44. Bxf4 exf4 45. Qf2 Rg4 46. Qb2 Qxd5 47. Qc1 Qxf3 48. Qc7+ Kg8 49. Qd8+ Kh7 50. Qe7+ Kh6 51. Qf6+ Kh7 52. Qf7+ Kh8 53. Qf8+ Kh7 54. Qf7+ Kh6 55. Qf6+ Kh7 56. Qf7+ Kh6 57. Qf6+ 1/2-1/2

[Event "North American op 27th"]
[Site "Las Vegas"]
[Date "2017.12.29"]
[Round "8"]
[White "Boros, Denes"]
[Black "Ravuri, Vinesh"]
[Result "1-0"]
[WhiteElo "2457"]
[BlackElo "2003"]
[PlyCount "145"]
[EventDate "2017.12.26"]
[EventType "swiss"]
[EventRounds "9"]
[EventCountry "USA"]
[SourceTitle "CBM 182 Extra"]
[Source "ChessBase"]
[SourceDate "2018.02.23"]
[SourceVersion "1"]
[SourceVersionDate "2018.02.23"]
[SourceQuality "1"]

1. e4 e5 2. Nc3 Nf6 3. Nf3 Nc6 4. Be2 Be7 5. 0-0 0-0 6. d4 exd4 7. Nxd4 Bc5 8. Nxc6 dxc6 9. Bf4 Bb6 10. Bd3 Re8 11. h3 Be6 12. Qf3 Nd7 13. Qg3 Nc5 14. Be2 Qe7 15. Kh1 Bd7 16. f3 Ne6 17. Bd2 Qd6 18. Qxd6 cxd6 19. Rad1 Rad8 20. Bc4 h6 21. Ne2 Bc7 22. a3 Nc5 23. Bf4 Be6 24. Bxe6 fxe6 25. Be3 Bb6 26. c4 e5 27. Bxc5 dxc5 28. Nc1 Rd4 29. Rxd4 cxd4 30. Nd3 Kf7 31. h4 h5 32. Kh2 Bd8 33. g3 b6 34. b4 Ke6 35. f4 exf4 36. Nxf4+ Kd7 37. Nxh5 Rxe4 38. Nxg7 d3 39. Rd1 Re2+ 40. Kh3 d2 41. Nh5 Bc7 42. Kg4 Rf2 43. Nf4 Bxf4 44. gxf4 Ke6 45. h5 Kf6 46. a4 a5 47. b5 cxb5 48. cxb5 Rh2 49. Kg3 Re2 50. Kf3 Rh2 51. Ke4 Ke6 52. h6 Rxh6 53. Rxd2 Rh3 54. f5+ Ke7 55. Kd5 Rc3 56. Rd4 Rc5+ 57. Ke4 Rc1 58. Ke5 Re1+ 59. Kd5 Kd7 60. f6 Re2 61. f7 Rf2 62. Ke5+ Ke7 63. Rf4 Re2+ 64. Kd5 Kf8 65. Kc6 Re6+ 66. Kc7 Rh6 67. Kb7 Rg6 68. Ka6 Re6 69. Rc4 Kxf7 70. Rc6 Re4 71. Kxb6 Rxa4 72. Ka7 Rb4 73. b6 1-0